书目信息 |
| 书名: | Ethics in media communications | |
| 作者: | Louis Alvin Day = 媒介传播伦理 : 案例与争论 / 路易斯·阿尔文·戴. | |
| 分册号: | ||
| 分册名: | 出版地: | 北京 : |
|
| 出版社: | Peking University Press | |
| 出版时间: | 2004. | |
| 页数: | xvii, [10], 468 p. ; | |
| 开本: | 23 cm. | |
| 丛书名: | 世界传播学经典教材 | |
| 中图分类号: | ||
| 科图分类号: | ||
| 其他分类号: | B82-052 | |
| 主题词: | ||
| 电子资源: | ||
| 000 | 01041nam 22000289a 4500 | |
| 001 | E1251588943 | |
| 005 | 20120419142058.37 | |
| 008 | 041117r20042003cc b 001 0 eng d | |
| 020 | @a7301069235 :@cCNY57.00. | |
| 040 | @aPUL@cPUL | |
| 041 | 0 | @aeng@bchi |
| 090 | @aG206.3-05/X2 | |
| 090 | @aB82-052 | |
| 093 | @aG206.3-05 @2 4 | |
| 099 | @dB82-052@ex59 | |
| 100 | 1 | @aDay, Louis A. |
| 245 | 10 | @aEthics in media communications :@bcases and controversies / @cLouis Alvin Day = 媒介传播伦理 : 案例与争论 / 路易斯·阿尔文·戴. |
| 246 | 31 | @a媒介传播伦理 :@b案例与争论 |
| 250 | @a4th ed. | |
| 260 | @a北京 :@bPeking University Press,@c2004. | |
| 300 | @axvii, [10], 468 p. ;@c23 cm. | |
| 440 | 0 | @a世界传播学经典教材 |
| 500 | @aWith preliminaries in Chinese. | |
| 504 | @aIncludes bibliographical references (p. 453-455) and index. | |
| 534 | @pReprint. Originally published:@cBelmont, CA : Wadsworth/Thomson Learning, c2003.@b4th ed.@z0534562353. | |
| 650 | 0 | @aMass media@xMoral and ethical aspects. |
| 920 | @a232010@z2 | |
| Ethics in media communications : : cases and controversies / / Louis Alvin Day = 媒介传播伦理 : 案例与争论 / 路易斯·阿尔文·戴.-4th ed.-北京 : : Peking University Press, , 2004. |
| xvii, [10], 468 p. ; ; 23 cm.- (世界传播学经典教材 ) |
| With preliminaries in Chinese.-Includes bibliographical references (p. 453-455) and index. |
| ISBN 7301069235 :CNY57.00. |
| ● |
| 相关链接 |
|
|
|
|
正题名:Ethics in media communications
索取号:B82-052/x59
 
预约/预借
| 序号 | 登录号 | 条形码 | 馆藏地/架位号 | 状态 | 备注 |
| 1 | 17882 | 300178821 | 第二样本阅览室/ [索取号:B82-052/x59] | 在馆 | |
| 2 | 17883 | 300178830 | 第四借阅区/ [索取号:B82-052/x59] | 在馆 | |
| 3 | 17884 | 300178849 | 第四借阅区/ [索取号:B82-052/x59] | 在馆 | |
| 4 | 17885 | 300178858 | 第四借阅区/ [索取号:B82-052/x59] | 在馆 | |
| 5 | 17886 | 300178867 | 第四借阅区/ [索取号:B82-052/x59] | 在馆 | |
| 6 | 17887 | 300178876 | 第四借阅区/ [索取号:B82-052/x59] | 在馆 |